| 000 | 00884cam a22002295a 4500 | ||
|---|---|---|---|
| 001 | L159384 | ||
| 008 | 170113s2016 xxk f 000 0 eng d | ||
| 020 | _a9781137511140 | ||
| 035 | _a(Sirsi) u159384 | ||
| 041 | 0 | _aeng | |
| 050 | 0 | 4 | _a692.8 |
| 100 | 1 | _aPowell, Geoff | |
| 245 | 0 | 0 |
_aConstruction contract preparation and management _bFrom concept to completion |
| 250 | _a2nd ed | ||
| 260 |
_aLondon _bPalgrave _c2016 |
||
| 300 | _axvi, 488p ; 23 cm | ||
| 520 | _aExplains the different stages of the construction management process from commencement to completion. Looks at the most commonly used forms of contract, provides an introduction to the general principles of contract law and negligence issues. Concludes with a look at dispute resolution processes. | ||
| 590 | _aKA | ||
| 651 | 4 |
_aUnited Kingdom _y |
|
| 690 |
_aConstruction management _96230 |
||
| 942 | _n0 | ||
| 999 |
_c115852 _d115852 |
||